MESTSKÁ KNIŽNICA GIRALTOVCE  - online katalóg 

Izraelskí vojaci rozprávajú (Record no. 22582)

000 -NÁVESTIE
fixed length control field 00332nam a2200145 4500
008 - ÚDAJE S PEVNOU DĹŽKOU – VŠEOBECNÉ INFORMÁCIE
fixed length control field 190607s1982||||KW d
041 1# - KÓD JAZYKA
Kód jazyka textu/zvukovej stopy alebo samostatných nápisov slo
044 ## - KÓD KRAJINY VYDAVATEĽA/PRODUCENTA
Kód krajiny MARC KW
100 1# - OSOBNÉ MENÁ – VŠEOBECNÉ INFORMÁCIE
Osobné meno Sawahin Ch.
-- 1246
245 10 - NÁZOV
Názov Izraelskí vojaci rozprávajú
260 ## - VYDAVATEĽSKÉ ÚDAJE, DISTRIBÚCIA ATĎ.
Miesto publikovania, distribúcie atď. Kuvajt
Dátum publikovania, distribúcie atď. 1982
Názov vydavateľa, distibútora atď. VZPSAN
250 ## - ÚDAJ O PORADÍ VYDANIA
Údaj o poradí vydania 1.vydanie
490 ## - EDÍCIA
Zväzok/sekvenčné označenie 264
958 ## - Formálny deskriptor
Formálny deskriptor A
Holdings
Stav stiahnutia (Blokovanie) (Withrawn status) Stav straty Stav poškodenia (Damaged status) Nie pre výpožičky (Not for loan) Spôsob nadobudnutia (Collection code) Trvalé umiestnenie Aktuálne umiestnenie Dátum nadobudnutia Inventárne číslo (prírastkové číslo) Full call number Dátum posledného výskytu Cena s účinnosťou od Typ jednotky Koha
        Dar Mestská knižnica Giraltovce Mestská knižnica Giraltovce 2019-05-31 20918 S1457 2019-12-12 2019-12-12 Odborná literatúra pre dospelých

Powered by Koha